| 000 | 00926nam a2200277 i 4500 | ||
|---|---|---|---|
| 001 | 8828 | ||
| 003 | KOSZ 005 | ||
| 005 | 20190725100428.0 | ||
| 008 | 070729s1970 pl a f 001 0 pol | ||
| 015 | _aPB 1970/3514 | ||
| 040 |
_aWA N _cKOSZ 005/RW _dKOSZ 005/RW |
||
| 080 | _a66/69 | ||
| 080 | _a331.101.1 | ||
| 080 | _a658.3 | ||
| 100 | 1 |
_aFilipkowski, Stefan. _eAutor |
|
| 245 | 1 | 0 |
_aErgonomia przemysłowa : _bzarys problematyki / _cStefan Filipkowski. |
| 260 |
_aWarszawa : _bWydawnictwa Naukowo-Techniczne, _c1970. |
||
| 300 |
_a253, [2] s. : _bil. ; _c23 cm. |
||
| 380 | _aKsiążki | ||
| 504 | _aBibliogr. s. 243-[249]. Indeks. | ||
| 650 | 4 |
_aPrzemysł _xpraca _xorganizacja. |
|
| 650 | 4 | _aErgonomia | |
| 710 | 2 |
_aWydawnictwa Naukowo-Techniczne _4pbl. |
|
| 856 |
_uhttp://koha.tu.koszalin.pl/cgi-bin/koha/opac-detail.pl?biblionumber=8828 _yKatalog online BPK |
||
| 942 |
_2UKD _cKS |
||
| 999 |
_c8828 _d8828 |
||